Early childhood : (Record no. 142054)

MARC details
000 -LEADER
fixed length control field 00531nam a22001817a 4500
005 - DATE AND TIME OF LATEST TRANSACTION
control field 20170629101957.0
010 ## - LCCN (DPL NO)
LC control number ENG-118998
020 ## - INTERNATIONAL STANDARD BOOK NUMBER
Terms of availability 450.00
International Standard Book Number 9789382632092
035 ## - SYSTEM CONTROL NUMBER
System control number EN-102530
037 ## - SOURCE OF ACQUISITION
Source of stock number/acquisition DBAD/PUB
082 ## - DEWEY DECIMAL CLASSIFICATION NUMBER
Classification number 372.2
100 ## - MAIN ENTRY--PERSONAL NAME
Personal name Gupta, Jyoti
245 ## - TITLE STATEMENT
Title Early childhood :
Statement of responsibility, etc by Jyoti Gupta
Remainder of title development & learning /
260 ## - PUBLICATION, DISTRIBUTION, ETC. (IMPRINT)
Place of publication, distribution, etc Allahabad
Name of publisher, distributor, etc Aprajita Publcation
Date of publication, distribution, etc 2016
270 ## - ADDRESS
City Allahabad
Postal code 211001
Address 5, Khusro Bagh Road
300 ## - PHYSICAL DESCRIPTION
Extent v,152.p.
Dimensions 22cm(Hb)
942 ## - ADDED ENTRY ELEMENTS (KOHA)
Source of classification or shelving scheme Dewey Decimal Classification
Item type English Books
Call number suffix GUP
Classification part 372.2
Holdings
Withdrawn status Lost status Not for loan Collection code Home library Current library Date acquired Source of acquisition Cost, normal purchase price Full call number Barcode Copy number Cost, replacement price Koha item type
      Non-fiction Shahdara Branch Shahdara Branch 28/06/2017 DBAD/PUB. 450.00 372.2 GUP EN-102530 1 450.00 English Books

© Delhi Public Library
Hit Counter
free hit counter